000 01183cam a2200253 4500
001 ABS66907
008 030724n2003 000 0 eng u
035 _a(Sirsi) u123125
100 _aMacdonald, S.
245 _aDiverse case scenario
260 _c2003
490 _aHousing Today
_v(339) 27 June 2003, 16-18(3)
520 _aReports on the increasingly diverse activities of housing associations. They do not just build to rent any more but are moving strongly into shared ownership and finding development opportunities in less traditional areas. Housing association ranking tables based on "Housing Today" and National Housing Federation data are provided for the top 20 in affordable rented housing and in rehabilitation and repair, the top 30 in low-cost home ownership, the top 20 in private rent and sale and the top 50 developing associations.
590 _aABS
650 _aSOCIAL HOUSING
650 _aHOUSING ASSOCIATIONS
650 _aREHABILITATED HOUSING
650 _aREPAIRS
650 _aSHARED OWNERSHIP
650 _aLOW-COST HOMES
650 _aRANKINGS
690 _aPROPERTY-RESIDENTIAL PROPERTY-RESIDENTIAL PROPERTY MARKET
942 _n0
999 _c73114
_d73114